Duality in analytic number theory

Αποθηκεύτηκε σε:
Λεπτομέρειες βιβλιογραφικής εγγραφής
Κύριος συγγραφέας: Elliott, Peter D.T.A
Μορφή: Βιβλίο
Γλώσσα:English
Δημοσίευση: Cambridge ; New York : Cambridge University Press, 1997
Σειρά:Cambridge tracts in mathematics ; ; 122
Θέματα:
Ετικέτες: Προσθήκη ετικέτας
Δεν υπάρχουν, Καταχωρήστε ετικέτα πρώτοι!

MARC

LEADER 00000nam a2200000 i 4500
001 1/74349
008 990324s1997 eng d
020 |a 0-521-56088-8 
035 |l 10049043 
040 |a GR-MY-UA  |b gre  |e aacr 
041 0 |a eng 
082 0 |a 512.73 
100 1 |a Elliott, Peter D.T.A. 
245 1 0 |a Duality in analytic number theory /  |c P.D.T.A. Elliott 
260 |a Cambridge ; New York :   |b Cambridge University Press,   |c 1997 
300 |a xviii, 341 p.;  |c 24 cm. 
490 1 |a Cambridge tracts in mathematics  |v ; 122 
500 |a Includes bibliographical references and indexes 
650 0 0 |a Number theory. 
650 0 0 |a Duality theory (Mathematics) 
830 0 |a Cambridge tracts in mathematics ;  |v ; 122 
852 |a INST  |b SAMOS  |e 19990324  |h 512.73 ELL  |p 005300014424  |q 005300014424  |t BK  |y 0 
901 |a BIBL-1999-1 
909 |a Σ  |b 063752 
922 |a 3ΕΛΗ  |b 199901  |c ΚΠΣ  |d GLORY 
950 |a 116-1998-08-10